000 00514nam a2200217Ia 4500
003 OSt
005 20221005124634.0
006 a|||||r|||| 00| 0
007 ta
008 221004b |||||||| |||| 00| 0 ara d
024 _a113413
037 _cTextual
040 _aCRL
_cCRL
_bara
041 _2ara
_aara
082 _aQ7:26, 28F2
100 _aNasir Ali
_9635568
245 0 _aNasir Al Ashq
260 _c1922
942 _hQ7:26, 28F2
_cTEXL
_2cc
999 _c1051107
_d1051107